Teacher placement by public agencies / (Record no. 20504)

MARC details
000 -LEADER
fixed length control field 00889cam a22002411a 4500
001 - CONTROL NUMBER
control field e 22000272
003 - CONTROL NUMBER IDENTIFIER
control field DLC
005 - DATE AND TIME OF LATEST TRANSACTION
control field 20260227111213.0
008 - FIXED-LENGTH DATA ELEMENTS--GENERAL INFORMATION
fixed length control field 850423s1921 dcu f000 0 eng c
010 ## - LIBRARY OF CONGRESS CONTROL NUMBER
LC control number e 22000272
035 ## - SYSTEM CONTROL NUMBER
System control number (OCoLC)11952092
040 ## - CATALOGING SOURCE
Original cataloging agency Library, U.S. Office of Education
Transcribing agency ABAU
Modifying agency ABAU
-- DLC
042 ## - AUTHENTICATION CODE
Authentication code premarc
050 00 - LIBRARY OF CONGRESS CALL NUMBER
Classification number L111
Item number .A6 1921, no. 42
100 1# - MAIN ENTRY--PERSONAL NAME
Personal name Abel, James F.
Fuller form of name (James Frederick),
Dates associated with a name 1878-
245 10 - TITLE STATEMENT
Title Teacher placement by public agencies /
Statement of responsibility, etc. by J.F. Abel.
260 ## - PUBLICATION, DISTRIBUTION, ETC.
Place of publication, distribution, etc. Washington :
Name of publisher, distributor, etc. G.P.O.,
Date of publication, distribution, etc. 1921.
300 ## - PHYSICAL DESCRIPTION
Extent 8 p. ;
Dimensions 23 cm.
490 1# - SERIES STATEMENT
Series statement Bulletin / Department of the Interior, Bureau of Education ;
Volume/sequential designation 1921, no. 42
500 ## - GENERAL NOTE
General note "Advance sheets from the Biennial survey of education in the United States, 1918-1920"
650 #0 - SUBJECT ADDED ENTRY--TOPICAL TERM
Topical term or geographic name entry element Teacher placement agencies.
830 #0 - SERIES ADDED ENTRY--UNIFORM TITLE
Uniform title Bulletin (United States. Bureau of Education) ;
Volume/sequential designation 1921, no. 42

No items available.

Powered by Koha